| 000 | 00571nam a22001937a 4500 | ||
|---|---|---|---|
| 999 |
_c20413 _d20413 |
||
| 005 | 20191217042735.0 | ||
| 008 | 190227b xxu||||| |||| 00| 0 spa d | ||
| 040 |
_aCO-BoIAVH _cCO-BoIAVH |
||
| 041 | _aspa | ||
| 044 | _ack | ||
| 090 |
_aFG _b0313 |
||
| 110 | _aUniversidad Tecnologica de Pereira | ||
| 245 | _aCASA DE SEMILLAS TAAPAY MIKUY | ||
| 260 |
_aCOLOMBIA: _bUniversidad Tecnologica de Pereira , _c2013. |
||
| 300 |
_aFOLLETO _c16.5-23.5cm |
||
| 710 | _aInstituto de Investigaciones Ambientales | ||
| 710 | _aEIS | ||
| 942 |
_2z _cFolleto |
||